000 00484nam a2200181Ia 4500
005 20250326141443.0
008 250326s9999 xx 000 0 und d
037 _aTextbook
040 _aFMSL
_beng
_cFMSL
041 _aeng
_2eng
084 _qFMSL
100 _aLal H
_9301085
245 0 _aTotal quality management : A practical approach
_cLal H
260 _aNew Delhi
_bNew Delhi, Wiley Eastern Ltd.
_c1990
300 _a245p
942 _cTB
999 _c1290390
_d1290390